Tvrz a zámek Odolena Voda /

Hlavní autor: Úlovec, Jiří, 1957-
Jazyk: Čeština
Vydáno: Praha : Společnost přátel starožitností, 1998
Vydání: 1. vyd.
Edice: Vlastivědná knihovnička SPS
Témata:
Fyzický popis: 31 s. : il., mapy ; 21 cm
Knihy
Uloženo v:
LEADER 01379nam a2200385 a 4500
001 000363536
003 CZ BrMZK
005 20230427060119.0
008 980115s1998 xr e f cze d
015 |a cnb000486838 
020 |a 80-86204-00-6 
035 |a (OCoLC)41047688 
040 |a BOA001  |b cze 
043 |a e-xr---  |b e-xr-st  |2 czenas 
072 7 |a 72  |x Architektura  |2 Konspekt  |9 21 
080 |a 728.81  |2 MRF 
080 |a 728.82  |2 MRF 
080 |a (437.312)  |2 MRF 
080 |a (036)  |2 MRF 
100 1 |a Úlovec, Jiří,  |d 1957-  |7 jo20000068305  |4 aut 
245 1 0 |a Tvrz a zámek Odolena Voda /  |c Jiří Úlovec 
250 |a 1. vyd. 
260 |a Praha :  |b Společnost přátel starožitností,  |c 1998 
300 |a 31 s. :  |b il., mapy ;  |c 21 cm 
490 1 |a Vlastivědná knihovnička Společnosti přátel starožitností ;  |v sv. 7 
500 |a Bibliogr. - Text k il. též něm. - Souhrn něm. 
610 2 7 |a Odolena Voda (tvrz a zámek)  |7 kn20050428068  |2 czenas 
650 0 7 |a tvrze  |7 ph126812  |z Česko  |2 czenas 
650 0 7 |a zámky  |7 ph127734  |z Česko  |2 czenas 
651 7 |a Odolena Voda (Česko)  |7 ge130289  |2 czenas 
655 7 |a informační publikace  |7 fd132454  |2 czenas 
830 0 |a Vlastivědná knihovnička SPS 
910 |a BOA001  |b X-1050.798 
990 |a BK 
996 7 |b 2610079854  |c X-1050.798  |l MZK  |r Sklad / do 24 hodin  |n 3  |p p.v.  |w 000363536  |u 000010  |a 1  |e BOA001  |j MZK50  |s A